000 01325cam a22003251i 4500
003 SA-RiAUC
005 20250909120226.0
008 250907s1978 su a g 00100dara c
035 _aAUC_OC_198652
040 _aSA-RiAUC
_bara
_cSA-RiAUC
_erda
050 4 _b.A57 1978
082 0 4 _a239.4
_qSA-RiAUC
090 _a239.4
_bا ن ص
100 1 _aالأنصاري، عبد القدوس قاسم محمد،
_d1324-1403 هجري
_eمؤلف.
245 1 0 _aطريق الهجرة النبوية /
_cعبد القدوس الأنصاري.
250 _aالطبعة الأولى.
264 1 _a[مكان النشر غير محدد] :
_b[الناشر غير محدد]،
_c1978
264 3 _aجدة، السعودية :
_bمطابع الروضة
300 _a212 صفحة :
_bإيضاحيات ؛
_c24 سم
336 _aنص
_btxt
_2rdacontent
_3كتاب
337 _aبدون وسيط
_bn
_2rdamedia
338 _aمجلد
_bnc
_2rdacarrier
500 _aكشافات : صفحة 181-211.
600 0 7 _aمحمد (صلى الله عليه وسلم)،
_d53 قبل الهجرة-11 هجري
_2aucnm
650 7 _aهجرة الرسول
_2aucsh
650 7 _aالسيرة النبوية
_2aucsh
650 7 _aالتاريخ الإسلامي
_2aucsh
942 _2ddc
_cBOOK
_n0
949 _aSA-JeALM
_d250907
_umohamedma123
_n1
999 _c11540
_d11540